000
00281nam a2200109Ia 4500
008
190914s9999||||xx |||||||||||||| ||und||
100
_a
M.Morris Mano
245
0
_a
Logic And Computer Design Fundamentals
260
_a
New Delhi
_b
Bantam Books Inc
_c
1999
300
_a
670
942
_c
BK
999
_c
9219
_d
9219